Robotics-principles and practice / (Record no. 183998)

000 -LEADER
fixed length control field 00946 a2200193 4500
003 - CONTROL NUMBER IDENTIFIER
control field Nust
005 - DATE AND TIME OF LATEST TRANSACTION
control field 20230103090909.0
040 ## - CATALOGING SOURCE
Transcribing agency Nust
082 ## - DEWEY DECIMAL CLASSIFICATION NUMBER
Classification number 629.892,JAI
100 ## - MAIN ENTRY--PERSONAL NAME
Personal name K.C.Jain
9 (RLIN) 54358
245 ## - TITLE STATEMENT
Title Robotics-principles and practice /
Statement of responsibility, etc. K.C.Jain & L.N.Aggarwal
250 ## - EDITION STATEMENT
Edition statement 1st ed
260 ## - PUBLICATION, DISTRIBUTION, ETC.
Place of publication, distribution, etc. Delhi
Name of publisher, distributor, etc. Khanna Publilser
Date of publication, distribution, etc. 1993
300 ## - PHYSICAL DESCRIPTION
Extent 271 p
Other physical details illus
Dimensions 24 cm
505 ## - FORMATTED CONTENTS NOTE
Formatted contents note Introduction (Page-1), Basic fundamentals (Page-31), Manipulator and interpolator (Page-45), Controlling the robots motion (Page-54), Controlling the robots muscle (Page-61), Robot hands (Page-110), Robot dynamic (Page-122), Kinematic analysis (Page-127), Sensing systems (Page-186), Economic and installation (Page-221), Safety (Page-234), Programming languages (Page-238), Manufacturing systems (Page-253), Flexible manufacturing systems (Page-256).
600 ## - SUBJECT ADDED ENTRY--PERSONAL NAME
Personal name K.C.Jain
9 (RLIN) 54358
650 ## - SUBJECT ADDED ENTRY--TOPICAL TERM
Topical term or geographic name entry element Robotics-principles and practice
9 (RLIN) 106675
942 ## - ADDED ENTRY ELEMENTS (KOHA)
Source of classification or shelving scheme
Koha item type Book
Holdings
Withdrawn status Lost status Source of classification or shelving scheme Damaged status Not for loan Permanent Location Current Location Shelving location Date acquired Full call number Barcode Date last seen Price effective from Koha item type Public note
          Military College of Signals (MCS) Military College of Signals (MCS) General Stacks 12/12/2016 629.892,JAI MCS823 12/08/2016 12/12/2016 Book Almirah No.42, Shelf No.1
© 2023 Central Library, National University of Sciences and Technology. All Rights Reserved.